| Registos Bibliográficos associados ao registo de autoridade |
|
Etiqueta de registo: 00254nam 2200025 450 001 1931428 003 http://id.bnportugal.gov.pt/bib/catbnp/1931428 100 ## $a20160516d1656 m y0pory01030103ba 101 0# $alat 102 ## $aIT 105 ## $aa z 000yy 106 ## $ar 200 1# $aDe Diva Virgine Copacavana, in Peruano Novi Mundi Regno celeberrima. Liber vnus. Quo
eius Origo, & Miracula compendio descripta. A P. Hippolyto Marraccio Lucensi, e Congregatione
Cleric. Regul. Matris Dei. Ad Philipvm IV. Hispaniarvm Regem Magnae Dei Matris Mariae
Cultorem Magnum 210 #9 $aRomae$capud Hared. Colinii,$d1656 215 ## $a125, [26] p., [1] f. grav.$cil.$d8º (16 cm) 307 ## $aNa p. de tít., escudo calcogr. de Filipe IV 307 ## $aEntre as p. 4 e 5, calcogr. com representação de Nossa Senhora de Copacabana 316 ## $aF. soltas, incluindo p. de tít.$5PTBN: H.G. 2241 P. 620 ## $dRoma 700 #1 $aMarracci,$bIppolito,$f1604-1675,$cC.R.$31996157 702 #1 $aColini,$bTommaso,$ffl. 165-$4610$31646031 801 #0 $aPT$bBN$gRPC 856 ## $aBiblioteca Digital Hispánica$uhttp://bdh-rd.bne.es/viewer.vm?id=0000149036&page=1 966 ## $lBN$mFGMON$nF. soltas, incluindo p. de tít.$sH.G. 2241 P. 997 ## $aBIBEOD
Etiqueta de registo: 00254nam 2200025 450 001 1937386 003 http://id.bnportugal.gov.pt/bib/catbnp/1937386 100 ## $a20160716d1643 m y0pory01030103ba 101 0# $alat 102 ## $aIT 105 ## $aa z 000yy 106 ## $ar 200 1# $aFundatores Mariani, seu De Sacrarum Religionum, Congregationumq. Fundatoribus, Mariae
Deiparae Virgini singulariter addictis, ac dilectis. Liber vnus... A Patre Hippolyto
Marraccio Lucen è Congregatione Clericorum Regularium 210 #9 $aRomae$cex Typographia Francisci Caballi,$d1643 215 ## $a[24], 330, [38] p.$cil.$d8º (17 cm) 305 ## $aColofão 307 ## $aFrontispício calcográfico, por Raffaelo Vanni 620 ## $dRoma 700 #1 $aMarracci,$bIppolito,$f1604-1675,$cC.R.$31996157 702 #1 $aVanni,$bRaffaelo,$f1587-1673$4530$31652298 702 #1 $aCavalli,$bFrancesco,$ffl. 1627-1657$4610$3417864 801 #0 $aPT$bBN$gRPC 966 ## $lBN$mFGMON$nFalta frontispício$sH.G. 3060 P. 997 ## $aBIBEOD
Etiqueta de registo: 00254nam 2200025 450 001 1937358 003 http://id.bnportugal.gov.pt/bib/catbnp/1937358 100 ## $a20160721d1656 m y0pory01030103ba 101 0# $alat 102 ## $aIT 105 ## $aa z 000yy 106 ## $ar 200 1# $aCaesares Mariani seu De christianis imperatoribus in ter Augustam Deiparam Virginem
Mariam singulari pietatis ac venerationis cultu praecellentinbus liber vnus. Ex veterum
recentiorumque auctorum monumentis extractus. A P. Hippolyto Marraccio Lucensi e Congregatione
Clericorum Regularium 210 #9 $aRomae$ctypis Angeli Bernabo de Vermis,$d1656 215 ## $a[80], 240, [24] p.$cil.$d8º (17 cm) 304 ## $aFrontispício calcográfico, assin. "P. Spagna Inu.", "Batonius F." 620 ## $dRoma 700 #1 $aMarracci,$bIppolito,$f1604-1675,$cC.R.$31996157 702 #1 $aBernabò,$bAngelo,$ffl. 1649-1684$4610$31260440 702 #1 $aSpagna,$bPaolo,$ffl. 165-$4040$31652359 702 #1 $aBatonius,$ffl. 165-$4530$31652355 801 #0 $aPT$bBN$gRPC 966 ## $lBN$mFGMON$sH.G. 3061 P. 997 ## $aBIBEOD
Etiqueta de registo: 00254nam 2200025 450 001 1937344 003 http://id.bnportugal.gov.pt/bib/catbnp/1937344 100 ## $a20160721d1643 m y0pory01030103ba 101 0# $alat 102 ## $aIT 105 ## $ay z 000yy 106 ## $ar 200 1# $aApostoli Mariani seu De singulari sanctorum apostolorum in Mariam Deiparam virginem
pietate. Liber vnus. Ex Sanctorum Patrum, aliorumq. orthodoxor. monumentis depromptus.
A P. Hippolyto Marraccio Lucensi, e Congreg. Clericorum Regularium Matris Dei 210 #9 $aRomae$cper Franciscum Monetam,$d1643 215 ## $a[16], 259, [13] p.$d8º (16 cm) 620 ## $dRoma 700 #1 $aMarracci,$bIppolito,$f1604-1675,$cC.R.$31996157 702 #1 $aMoneta,$bFrancesco,$ffl. 1640-1667$4610$3239494 801 #0 $aPT$bBN$gRPC 966 ## $lBN$mFGMON$sH.G. 3059 P. 997 ## $aBIBEOD
Etiqueta de registo: 00254nam 2200025 450 001 1937318 003 http://id.bnportugal.gov.pt/bib/catbnp/1937318 100 ## $a20160721d1659 m y0pory01030103ba 101 0# $alat 102 ## $aIT 105 ## $aa z 000yy 106 ## $ar 200 1# $aHeroides marianae, seu De illustrium foeminarum principum in Mariam Deiparam Virginem
pietate. Liber vnus, ex probatis grauibusquè auctoribus collectus a p. Hippolyto Marraccio,
Lucensi è congregatione Cleric. Regular. Matris Dei 210 #9 $aRomae$ctypis Ignatij de Lazaris,$d1659 215 ## $a[32], 426, [38] p., [1] f. grav.$cil.$d8º (17 cm) 305 ## $aColofão 307 ## $aFrontispício calcográfico, assin. "R. Vannius Inv.", "Ioa. Baronius fec." 620 ## $dRoma 700 #1 $aMarracci,$bIppolito,$f1604-1675,$cC.R.$31996157 702 #1 $aVanni,$bRaffaelo,$f1587-1673$4040$31652298 702 #1 $aBaron,$bJean,$fca 1616-depois de 1650$4530$31652305 702 #1 $aLazzari,$bIgnazio de,$ffl. 1652-1683$4610$3249524 801 #0 $aPT$bBN$gRPC 966 ## $lBN$mFGMON$sH.G. 3058 P. 997 ## $aBIBEOD
Etiqueta de registo: 00254nam 2200025 450 001 1948252 003 http://id.bnportugal.gov.pt/bib/catbnp/1948252 100 ## $a20161114d1664 m y0pory01030103ba 101 0# $alat 102 ## $aIT 105 ## $ay z 000yy 106 ## $ar 200 1# $aVindicatio S. Catharinae Senensis a commentitia reuelatione eidem S. Catharinae Senensi
adscripta contra Immaculatam Conceptionem Beatissimae Virginis Mariae. Authore P.
Hippolyto Marraccio Lucensi... 210 #9 $aPuteoli, & iterum Panormi$capud Petrum de Isola,$d1664 215 ## $a99, [3, 2 br.] p.$d8º (15 cm) 620 ## $dPalermo 700 #1 $aMarracci,$bIppolito,$f1604-1675,$cC.R.$31996157 702 #1 $aIsola,$bPietro,$ffl. 166-$4610$31644001 801 #0 $aPT$bBN$gRPC 966 ## $lBN$mFGMON$sH.G. 3727 P. 997 ## $aBIBEOD
Etiqueta de registo: 00254nam 2200025 450 001 2004154 003 http://id.bnportugal.gov.pt/bib/catbnp/2004154 100 ## $a20181031d1648 m y0pory01030103ba 101 0# $alat 102 ## $aIT 105 ## $ay z 000yy 106 ## $ar 200 1# $aBibliotheca Mariana alphabetico ordine digesta & duas partes diuisa : quâ auctores,
qui de Maria deiparente virgine scripsère : cum recensione operum, continentur ...
$fauctore Hippolyto Marraccio... 210 #9 $aRomae$ctypis Francisci Caballi,$d1648 215 ## $a2 vol.$d8º (16 cm) 307 ## $aAnterostos calcográf. desenhados por Raffaele Vanni e gravado por Sebastien Vouillemont 307 ## $aInicias xilogr. 316 ## $avol. 1 não possui anterosto xilogr. 620 ## $dRoma 700 #1 $aMarracci,$bIppolito,$f1604-1675,$cC.R.$31996157 702 #1 $aCavalli,$bFrancesco,$ffl. 1627-1657$4610$3417864 702 #1 $aVanni,$bRaffaelo,$f1587-1673$4040$31652298 702 #1 $aVouillemont,$b Sébastien,$fséc. 17$4530$31730194 801 #0 $aPT$bBN$gRPC 966 ## $dVol. 1$lBN$mFGMON$sH.G. 17073 P. 966 ## $dVol. 2$lBN$mFGMON$sH.G. 17074 P. 997 ## $aBIBEOD
Etiqueta de registo: 00254nam 2200025 450 001 2284667 003 http://id.bnportugal.gov.pt/bib/catbnp/2284667 100 ## $a20260417d1652 m y0pory01030103ba 101 0# $alat 102 ## $aIT 105 ## $ay z 000yy 106 ## $ar 200 1# $aAdae Abbatis Perseniae, Sacri Ordinis Cisterciensis Alumni... Mariale. Quo eiusdem
Adae de Mariae Deiparae Virginis Laudibus Sermones aurei, ac Fragmenta pretiosa ad
posteritatis notitiam transmittuntur$eopus hactenus ineditum ex perantiquo Codice Pergameno M. S. olim Biliothecae Monasterij
Casamarij erutum$fnotisque illustratum a P. Hippolyto Marraccio Lucensi... 210 #9 $aRomae$ctypis Ignatij de Lazzaris,$d1652 215 ## $a[16], 230, [10] p.$d8º (17 cm) 307 ## $aAssin.: A-Q//8 312 ## $aTít. no anterrosto: Mariale Adae abbatis Perseniae 316 ## $aEnc. em pergaminho. - Exemplar em mau estado$5PTBN: R. 1762//2 P. 317 ## $aPert. na f. de rosto do 1º expoente da miscelânea: "Livraria de Alcobaça" (carimbo)$5PTBN: R. 1762//2 P. 321 ## $aICCU IT\ICCU\BVEE\049696 500 10 $aMariale, quo eiusdem Adae de Mariae Deiparae Virginis Laudibus Sermones aurei 517 1# $aMariale Adae abbatis Perseniae 620 ## $dRoma 700 #1 $aAdam,$cde Perseigne,$f1145-1221$31996159 702 #1 $aMarracci,$bIppolito,$f1604-1675,$cC.R.$4340$31996157 702 #1 $aLazzari,$bIgnazio de,$ffl. 1652-1683$4610$3249524 712 02 $aOrdem de Cister.$bMosteiro de Santa Maria$c(Alcobaça)$4390$38402 801 #0 $aPT$bBN$gRPC 856 40 $2Cópia digital disponível em Google Books$uhttps://books.google.pt/books?id=T11O9jsL28gC&hl=pt-PT&pg=PP7#v=onepage&q&f=false 966 ## $lBN$mFGMON$sR. 1762//2 P. 971 ## $cpmesqui$d20260417 997 ## $aBIBEOD
Etiqueta de registo: 00254nam 2200025 450 001 2284664 003 http://id.bnportugal.gov.pt/bib/catbnp/2284664 100 ## $a20260417d1651 m y0pory01030103ba 101 0# $alat 102 ## $aIT 105 ## $aa z 000yy 106 ## $ar 200 1# $aIsidori Archiepiscopi Thessalonicensis Mariale. Quo eiusdem Isidori de Maria Deipara
Virgine Praeclara Monumenta, ex Graeco M. S. Codice Bibliothecae Vaticanae eruta,
Latinè reddita, Notisque illustrata$enunc primò legentium oculis exhibentur$fstudio, ac labore P. Hippolyti Marraccii Lucensis... 210 #9 $aRomae$ctypis Dominici Manelphij,$d1651 215 ## $a[24], 246 [i.e. 250], [22] p.$d8º (17 cm) 306 ## $aNo cólofon: "Romae : ex typographia Dominici Manelphij, 1651" 307 ## $aRetrato calcogr. do autor a anteceder a f. de rosto 307 ## $aErros de pagin.: repetida a numeração das p. 157-160; p. 245 numerada 145 307 ## $aAssin.: a//12, A-R//8 312 ## $aTít. no anterrosto: Mariale Isidori Archiepiscopi Thessalonicensis 316 ## $aEnc. em pergaminho. - Exemplar em mau estado$5PTBN: R. 1762//1 P. 317 ## $aPert. na f. de rosto: "Livraria de Alcobaça" (carimbo)$5PTBN: R. 1762//1 P. 321 ## $aICCU IT\ICCU\BVEE\050842 500 10 $aMariale, quo eiusdem Isidori de Maria Deipara Virgine praeclara monumenta 517 1# $aMariale Isidori Archiepiscopi Thessalonicensis 620 ## $dRoma 700 #1 $aIsidorus Kiovensis,$f1380-1463$31996155 702 #1 $aMarracci,$bIppolito,$f1604-1675,$cC.R.$4340$31996157 702 #1 $aManelfi,$bDomenico,$ffl. 1649$4610$31651879 712 02 $aOrdem de Cister.$bMosteiro de Santa Maria$c(Alcobaça)$4390$38402 801 #0 $aPT$bBN$gRPC 856 40 $2Cópia digital disponível em Google Books$uhttps://books.google.pt/books?id=IeD8pKKKJoEC&hl=pt-PT&pg=PP5#v=onepage&q&f=false 966 ## $lBN$mFGMON$sR. 1762//1 P. 971 ## $cpmesqui$d20260417 997 ## $aBIBEOD
|
|
|